Taiwan: (Record no. 1678479)

MARC details
000 -LEADER
fixed length control field 00696 a2200217 4500
005 - DATE AND TIME OF LATEST TRANSACTION
control field 20260416114748.0
008 - FIXED-LENGTH DATA ELEMENTS--GENERAL INFORMATION
fixed length control field 260416b |||||||| |||| 00| 0 eng d
020 ## - INTERNATIONAL STANDARD BOOK NUMBER
International Standard Book Number 978-93-5516-867-2
037 ## - SOURCE OF ACQUISITION
Terms of availability TB
040 ## - CATALOGING SOURCE
Original cataloging agency AL
Transcribing agency AL
041 ## - LANGUAGE CODE
Source of code eng
Language code of text/sound track or separate title eng
084 ## - COLON CLASSIFICATION NUMBER
Classification number V4295:1973-41.P1 R5
Assigning agency AL
100 ## - MAIN ENTRY--PERSONAL NAME
Personal name Rohtagi, Shekhar
9 (RLIN) 1113133
245 ## - TITLE STATEMENT
Title Taiwan:
Remainder of title a unique tussle between US and China
260 ## - PUBLICATION, DISTRIBUTION, ETC.
Name of publisher, distributor, etc. Sumit Enterprises,
Date of publication, distribution, etc. 2025.
Place of publication, distribution, etc. New Delhi, India:
300 ## - PHYSICAL DESCRIPTION
Extent 244p.
365 ## - TRADE PRICE
Price amount 1495
Currency code INR
650 ## - SUBJECT ADDED ENTRY--TOPICAL TERM
Topical term or geographic name entry element Taiwan-Foreign Relations
9 (RLIN) 1234792
942 ## - ADDED ENTRY ELEMENTS (KOHA)
Koha item type Textbook
Source of classification or shelving scheme Colon Classification (CC)
Classification part V4295:1973-41.P1 R5
Holdings
Withdrawn status Lost status Source of classification or shelving scheme Damaged status Not for loan Home library Current library Date acquired Source of acquisition Cost, normal purchase price Inventory number Total Checkouts Full call number Barcode Date last seen Cost, replacement price Price effective from Koha item type
    Colon Classification (CC)     Arts Library Arts Library 2026-04-16 Prajana Books 1196.00 12 & 18/02/2026   V4295:1973-41.P1 R5 AL1805309 2026-02-18 1495.00 2026-02-18 Textbook
Copyright @ Delhi University Library System